02494cam a22004334i 4500003000900000005001700009008004100026020001500067035002700082040003300109082001800142100004200160245010700202264005900309300006800368336002100436337002500457338002300482490006400505504002800569505124900597526001001846526001001856526000901866526000901875526000901884526000901893526000901902526000901911526000901920526000801929526000801937526000801945526000801953526000801961630004601969700001902015700002602034PE-LiUPU20250731165519.0150623s r 000 0 d a1841272094 a(Sirsi) i9781841272092 aPE-LiUPUbspacPE-LiUPUerda04a221.07bJ2211 aHiebert, Robert James Victor,eautor.14aThe old greek psalter :bstudies in honour of Albert Pietersma.n332 /cRobert James Víctor Hiebert. 1aSheffield, England :bSheffield Academic Press,c2001. a346 páginas :bilustraciones tablas, foto ;c24 centímetros atext2rdacontent aunmediated2rdamedia avolume2rdacarrier0 aJournal for the study of the O.T. Supplement series ;v332 aIncluye Bibliografía.0 aWho is Albert Pietersma?. The rendering of the tetragram in the psalter and pentateuch: a comparative study. Pairs of synonyms in the septuagint Psalms. Repetition of possessive pronouns in the greek psalter: the use and non-use of possessive pronouns in renderings of Hebrew coordinate items with possessive suffixes. Characterizing criteria for the characterization of the septuagint translators: experimenting on the greek psalter. The greek psalter and the kaíye tradition: methodological questions. The assessment of manuscript affiliation within a probabilistic framework: a study of Alfred Rahlfs's core manuscript groupings for the greek psalter. Scribal features of early witnesses of greek scripture. The pisqah be'emsa'pasuq, the Psalms, and Ezekiel 3.16. Coptic/Sahidic fragments of the biblical Psalms in the university of Pennsylvania museum. Syriac biblical textual history and the greek psalter. David the adolescent: on Psalm 151. Intertextual relationships between the septuagint of Psalms and Proverbs. The septuagint of Psalms and the first book of Maccabees. Towards a date for the old greek psalter. The greek psalter in Paul's letters: a textual study. Schaper's eschatology meets kraus's theology of the Psalms. aSEG44 aSEG26 aP151 aP150 aP149 aP146 aP145 aP126 aP125 aP92 aP75 aP74 aP27 aP15 aBiblia.pA.T.pSalmosxCrítica textual.1 aCox, Claude E.1 aGentry, Peter J,eed.